000
00330nam a22001457a 4500
003
OSt
005
20211214095510.0
008
211214b |||||||| |||| 00| 0 eng d
040
_c
HU
082
_a
330BRO 2007
245
_a
Environmental of Economics
260
_c
2007
300
_a
XViii477p
_b
PC
_c
26cm
942
_2
ddc
_c
BOOKS
_n
0
999
_c
22477
_d
22477